| Tag |
First Indicator |
Second Indicator |
Subfields |
| LEADER |
00000cam a2200000 a 4500 |
| 001 |
in00000089914 |
| 005 |
20151008063551.0 |
| 008 |
801015s1980 nyua c 00110 eng d |
| 010 |
|
|
|a 79093410
|
| 020 |
|
|
|a 0821211218 :
|c $35.00
|
| 035 |
|
|
|a (OCoLC)06826473
|
| 035 |
|
|
|9 AAK2497AM
|
| 040 |
|
|
|a ILC
|c ILC
|d m.c.
|d HAM
|d OCL
|d TXA
|d UtOrBLW
|
| 049 |
|
|
|a TXAF
|c [1655011]
|
| 090 |
|
|
|a NE1860.N4
|b A33 1980
|
| 092 |
|
|
|a 759.08
|b NY G
|
| 110 |
2 |
|
|a New York Graphic Society.
|
| 245 |
1 |
0 |
|a Fine art reproductions of old & modern masters :
|b a comprehensive illustrated catalog of art through the ages.
|
| 264 |
|
1 |
|a Greenwich, Conn. :
|b New York Graphic Society,
|c [1980]
|
| 264 |
|
4 |
|c ©1980
|
| 300 |
|
|
|a 576 pages :
|b chiefly color illustrations ;
|c 33 cm.
|
| 336 |
|
|
|a text
|b txt
|2 rdacontent
|
| 337 |
|
|
|a unmediated
|b n
|2 rdamedia
|
| 338 |
|
|
|a volume
|b nc
|2 rdacarrier
|
| 500 |
|
|
|a "Instant framing guide" (fold. leaf) tipped in.
|
| 500 |
|
|
|a Includes indexes.
|
| 650 |
|
0 |
|a Art
|v Catalogs.
|
| 999 |
|
|
|a MARS
|
| 999 |
f |
f |
|s 8c40445f-5371-3161-88a6-2a25d62df7eb
|i 8cf4f59c-64a1-30fd-9558-98ab577074db
|t 0
|
| 952 |
f |
f |
|p normal
|a Texas A&M University
|b College Station
|c Sterling C. Evans Library
|d Evans: Library Stacks
|t 0
|e NE1860.N4 A33 1980
|h Library of Congress classification
|i unmediated -- volume
|m A14839334572
|
| 998 |
f |
f |
|a NE1860.N4 A33 1980
|t 0
|l Evans: Library Stacks
|